№ 530 : Вопросы петрографии и полезных ископаемых Узбекистана: [сборник]; Сборник научных трудов (Ташкентского государственного университета)

Bibliographic Details
Parent link:Сборник научных трудов (Ташкентского государственного университета)/ Ташкентский государственный университет. № 530 : Вопросы петрографии и полезных ископаемых Узбекистана.— , 1975-
Other Authors: Василевский Б. Ф. (редактор)
Language:Russian
Published: 1977
Subjects:
Format: MixedMaterials Book
KOHA link:https://koha.lib.tpu.ru/cgi-bin/koha/opac-detail.pl?biblionumber=330789

MARC

LEADER 00000nam2a2200000 4500
001 330789
005 20231102004307.0
035 |a (RuTPU)RU\TPU\book\356577 
035 |a RU\TPU\book\356576 
090 |a 330789 
100 |a 20170411d1977 k y0rusy50 ca 
101 0 |a rus 
102 |a RU 
105 |a a z 001zy 
200 0 |a № 530 : Вопросы петрографии и полезных ископаемых Узбекистана  |e [сборник]  |f отв. ред. Б. Ф. Василевский 
210 |d 1977 
215 |a 158 с.  |c ил. 
320 |a Библиогр. в конце ст. 
461 1 |0 (RuTPU)RU\TPU\book\190105  |t Сборник научных трудов (Ташкентского государственного университета)  |f Ташкентский государственный университет  |v № 530 : Вопросы петрографии и полезных ископаемых Узбекистана  |d 1975-  
606 1 |a Петрография  |y Средняя Азия  |2 stltpush  |3 (RuTPU)RU\TPU\subj\72373  |9 85923 
606 1 |a Полезные ископаемые  |x Геология  |2 stltpush  |3 (RuTPU)RU\TPU\subj\50069  |9 68818 
610 1 |a Узбекистан 
610 1 |a магматизм 
610 1 |a акцессорные минералы 
610 1 |a интрузивные породы 
610 1 |a возрастная корреляция 
610 1 |a геохимия 
610 1 |a метаморфизм 
610 1 |a титановая минерализация 
675 |a 552(575)  |v 4 
675 |a 553  |v 4 
702 1 |a Василевский  |b Б. Ф.  |4 340 
801 1 |a RU  |b 63413507  |c 20170411 
801 2 |a RU  |b 63413507  |c 20200819  |g RCR 
942 |c BK